American shine: student's book 4

Guardat en:
Dades bibliogràfiques
Autors principals: Prodromou, Luke (Autor), Garton-Sprenger, Judy (Autor), Prowse, Philip (Autor)
Format: Llibre
Idioma:anglès
Publicat: Oxford Macmillan Education 2001
Matèries:
Etiquetes: Afegir etiqueta
Sense etiquetes, Sigues el primer a etiquetar aquest registre!

MARC

LEADER 00000nam a2200000 a 4500
001 UCL3132
003 CL-VaPUC
008 031114e20010000UK |||||||||||||||||eng|d
020 |a 0333954165 
082 0 4 |a 372.6521  |b PRO  |2 21 
100 0 |a Prodromou, Luke  |e author  |9 480364 
700 |a Garton-Sprenger, Judy  |e author  |9 488706 
700 0 |a Prowse, Philip  |e author  |9 480366 
245 1 0 |a American shine: student's book 4 
300 |a 159 p 
942 |c BK 
945 |d 20031114 00:00:00  |a cmena 
260 |a Oxford  |b Macmillan Education  |c 2001 
500 |a Complementario con 2 cassettes 
650 0 |a Enseñanza del inglés  |9 367340 
650 0 |a Educación básica   |9 224933 
650 0 |a Métodos de enseñanza  |9 270413 
650 0 |a Libros de texto  |9 270019 
583 |a last modification  |c 20031114 00:00:00  |k Rodrigo Vera 
999 |c 306260  |d 306258 
952 |0 0  |1 0  |4 0  |6 372_652100000000000_PRO_2001  |7 0  |8 A  |9 371149  |a BIBEDU  |b BIBEDU  |d 2019-11-21  |i 3952509  |o 372.6521 PRO 2001  |p 3952509  |r 2019-11-21  |w 2019-11-21  |y BK  |k LIT